| 000 | 00598 a2200217 4500 | ||
|---|---|---|---|
| 005 | 20260412105510.0 | ||
| 008 | 260410b |||||||| |||| 00| 0 eng d | ||
| 020 |
_a9789357460569 _cRs. 849.00 |
||
| 040 | _aMAIN | ||
| 082 |
_a005.43 _bS58S |
||
| 100 | _aSilberschatz, Abraham | ||
| 245 | _aSilberschatzs operating system concepts: Global Edition | ||
| 260 |
_bWiley India _c2025 _aNew Delhi |
||
| 300 | _axxii, 864 | ||
| 650 | _aComputer Science | ||
| 650 | _aComputer Programming | ||
| 650 | _aOperating Systems | ||
| 700 | _aGalvin, Peter Baer | ||
| 700 | _aGagne, Greg | ||
| 942 | _cBK | ||
| 999 |
_c397190 _d397190 |
||